LEADER 01011nam0-22003251i-450- 001 990006316280403321 005 20120510200352.0 035 $a000631628 035 $aFED01000631628 035 $a(Aleph)000631628FED01 035 $a000631628 100 $a20120510d1996----km-y0itay50------ba 101 0 $aita 102 $aIT 105 $a--------00-yy 200 1 $aProfili di relazionalità della colpa$econtributo ad una teoria della responsabilità extracontrattuale$fFabrizio Cafaggi 210 $aPadova$cCedam$d1996 215 $aXIV, 594 p.$d24 cm 225 1 $aPubblicazioni dell'Istituto di diritto privato dell'Università di Roma La Sapienza$v50 676 $a346.02 700 1$aCafaggi,$bFabrizio$0139960 801 0$aIT$bUNINA$gRICA$2UNIMARC 901 $aBK 912 $a990006316280403321 952 $aUNIV. 79 (50)$b341917*$fFGBC 952 $a19-B-313$b8964$fDDCP 959 $aFGBC 959 $aDDCP 996 $aProfili di relazionalità della colpa$9279730 997 $aUNINA